The criminal liability of corporations (Record no. 74115)
[ view plain ]
| 000 -LEADER | |
|---|---|
| fixed length control field | 01385cab a2200253 4500 |
| 001 - CONTROL NUMBER | |
| control field | ABS67441 |
| 008 - FIXED-LENGTH DATA ELEMENTS--GENERAL INFORMATION | |
| fixed length control field | 040204n2003 000 0 eng u |
| 035 ## - SYSTEM CONTROL NUMBER | |
| System control number | (Sirsi) u125037 |
| 100 ## - MAIN ENTRY--PERSONAL NAME | |
| Personal name | Harris, L. |
| 245 #4 - TITLE STATEMENT | |
| Title | The criminal liability of corporations |
| 260 ## - PUBLICATION, DISTRIBUTION, ETC. | |
| Date of publication, distribution, etc. | 2003 |
| 490 ## - SERIES STATEMENT | |
| Series statement | Art Antiquity and Law |
| Volume/sequential designation | 8(4) December 2003, 369-379(11) |
| 520 ## - SUMMARY, ETC. | |
| Summary, etc. | Examines the criminal liability of corporations highlighting the differences between incorporated and unincorporated associations with examples. Incorporated associations also known as companies have their own legal identify. The principle of corporate criminal liability applies to companies only where the criminal offence in question is a creation of the common law. However, where the crime is statutory in nature, the principles apply to both incorporated and unincorporated associations Considers the basis of corporate liability looking at both vicarious and direct liability. Lists crimes for which a corporation cannot be held responsible such as murder. Conclusion provides a useful summary of liability. Refers to case law throughout. |
| 590 ## - LOCAL NOTE (RLIN) | |
| Local note | ABS |
| 650 ## - SUBJECT ADDED ENTRY--TOPICAL TERM | |
| Topical term or geographic name entry element | COMPANY LAW |
| 650 ## - SUBJECT ADDED ENTRY--TOPICAL TERM | |
| Topical term or geographic name entry element | CRIMINAL LIABILITY |
| 650 ## - SUBJECT ADDED ENTRY--TOPICAL TERM | |
| Topical term or geographic name entry element | VICARIOUS LIABILITY |
| 650 ## - SUBJECT ADDED ENTRY--TOPICAL TERM | |
| Topical term or geographic name entry element | CORPORATE LIABILITY |
| 650 ## - SUBJECT ADDED ENTRY--TOPICAL TERM | |
| Topical term or geographic name entry element | CRIMINAL LAW |
| 650 ## - SUBJECT ADDED ENTRY--TOPICAL TERM | |
| Topical term or geographic name entry element | COMMON LAW |
| 650 ## - SUBJECT ADDED ENTRY--TOPICAL TERM | |
| Topical term or geographic name entry element | STATUTORY LIABILITIES |
| 690 ## - LOCAL SUBJECT ADDED ENTRY--TOPICAL TERM (OCLC, RLIN) | |
| Topical term or geographic name as entry element | LAW |
| 942 ## - ADDED ENTRY ELEMENTS (KOHA) | |
| Suppress in OPAC | 0 |
| Withdrawn status | Lost status | Source of classification or shelving scheme | Damaged status | Not for loan | Home library | Current library | Shelving location | Date acquired | Total Checkouts | Full call number | Barcode | Date last seen | Copy number | Price effective from | Koha item type |
|---|---|---|---|---|---|---|---|---|---|---|---|---|---|---|---|
| Dewey Decimal Classification | London | London | Journal article | 04/02/2004 | ABS67441 | 125037-1001 | 06/08/2019 | 1 | 06/08/2019 | Journal article |